|
|
|
|
| LEADER |
00000nam0a2200000 4500 |
| 001 |
200776 |
| 005 |
20231222141142.0 |
| 010 |
|
|
|a 9785982989123
|
| 035 |
|
|
|a (RuTPU)RU\TPU\book\218858
|
| 090 |
|
|
|a 200776
|
| 100 |
|
|
|a 20110914d2011 k y0rusy50 ca
|
| 101 |
0 |
|
|a rus
|
| 102 |
|
|
|a RU
|
| 105 |
|
|
|a a z 001zy
|
| 200 |
1 |
|
|a Кристаллизация многокомпонентных бронз
|e монография
|f А. В. Корчмит, Н. В. Мартюшев
|g Национальный исследовательский Томский политехнический университет (ТПУ)
|
| 210 |
|
|
|a Томск
|c Изд-во ТПУ
|d 2011
|
| 215 |
|
|
|a 197 с.
|c ил.
|
| 320 |
|
|
|a Библиогр.: с. 178-197.
|
| 330 |
|
|
|a В монографии авторы на основе обобщения накопленного опыта в области литья многокомпонентных бронз и собственных научных исследований, сформулировали модель их кристаллизации. Показали пути направленного формирования структуры на примере бронз марок БрОСЦН 10-8-2-2, БрОСЦН 10-13-2-2. В работе приведены количественные зависимости параметров структуры и свойств исследуемых бронз в зависимости от условий их кристаллизации. Предназначена для специалистов в области материаловедения и технологии конструкционных материалов, а также для широкого круга научных работников, аспирантов и студентов вузов технических специальностей.
|
| 452 |
|
1 |
|0 (RuTPU)RU\TPU\book\229108
|t Кристаллизация многокомпонентных бронз
|o монография
|f А. В. Корчмит, Н. В. Мартюшев
|g Национальный исследовательский Томский политехнический университет (ТПУ)
|c Томск
|n Изд-во ТПУ
|d 2011
|a Корчмит, Антон Викторович
|
| 606 |
1 |
|
|a Бронзы
|x Металлургия
|2 stltpush
|3 (RuTPU)RU\TPU\subj\64577
|9 81424
|
| 610 |
1 |
|
|a кристаллизация
|
| 610 |
1 |
|
|a структура
|
| 610 |
1 |
|
|a свойства
|
| 610 |
1 |
|
|a исследование
|
| 610 |
1 |
|
|a легирующие добавки
|
| 610 |
1 |
|
|a фазовый состав
|
| 610 |
1 |
|
|a бронзовые отливки
|
| 610 |
1 |
|
|a обмазки
|
| 610 |
1 |
|
|a труды учёных ТПУ
|
| 675 |
|
|
|a 669.35
|v 3
|
| 700 |
|
1 |
|a Корчмит
|b А. В.
|g Антон Викторович
|
| 701 |
|
1 |
|a Мартюшев
|b Н. В.
|c специалист в области материаловедения
|c доцент Томского политехнического университета, кандидат технических наук
|f 1981-
|g Никита Владимирович
|3 (RuTPU)RU\TPU\pers\26537
|9 12231
|
| 712 |
0 |
2 |
|a Национальный исследовательский Томский политехнический университет (ТПУ)
|c (2009- )
|3 (RuTPU)RU\TPU\col\15902
|
| 801 |
|
1 |
|a RU
|b 63413507
|c 20110914
|
| 801 |
|
2 |
|a RU
|b 63413507
|c 20150317
|g RCR
|
| 942 |
|
|
|c BK
|